Správajú sa investori racionálne?

Informácia o prieskume o správaní našich potenciálnych budúcich investorov, študentov vysokých škôl so zameraním na finančné investovanie, ktorý sa uskutočnil na vzorke 115 študentov 4. ročníka Národohospodárskej fakulty Ekonomickej univerzity v Bratislave. Závery prieskumu.

Salvato in:
Dettagli Bibliografici
Autore principale: Pilch, Ctibor, 1957-
Natura: Capitolo di libro
Lingua:slovacco
Soggetti:
Tags: Aggiungi Tag
Nessun Tag, puoi essere il primo ad aggiungerne!!

MARC

LEADER 00000nla$a2200000$$$4500
001 0039483
005 20240502071503.6
041 0 |a slo 
044 |a SK 
245 1 0 |a Správajú sa investori racionálne?  |c Ctibor Pilch 
520 |a Informácia o prieskume o správaní našich potenciálnych budúcich investorov, študentov vysokých škôl so zameraním na finančné investovanie, ktorý sa uskutočnil na vzorke 115 študentov 4. ročníka Národohospodárskej fakulty Ekonomickej univerzity v Bratislave. Závery prieskumu. 
610 2 0 |a prieskum informačný 
610 2 0 |a rozhodovanie investičné 
610 2 0 |a investori 
610 2 0 |a investovanie 
610 2 0 |a školy vysoké 
100 1 |a Pilch, Ctibor, 1957-